| 000 | 00405nam a2200157Ia 4500 | ||
|---|---|---|---|
| 003 | GCL | ||
| 008 | 140319s9999 xx 000 0 eng d | ||
| 040 |
_aGCL / _cGCL |
||
| 082 | 0 | 4 |
_a681.413 _bL E |
| 100 | 1 | _aHORETTO, M. H. | |
| 245 | 1 | 0 |
_aELECTRON BEAM ANALYSIS OF MATERIALS / _cHORETTO, M. H. |
| 260 |
_a[S.N] : _bCHAPMAN & HALL ، _c1994 |
||
| 300 | _a272 P | ||
| 650 | 0 | 4 | _aELECTRON |
| 942 |
_2ddc _cBK |
||
| 999 |
_c21378 _d21378 |
||